Total quality management (Record no. 127)

000 -LEADER
fixed length control field 00534 a2200181 4500
008 - FIXED-LENGTH DATA ELEMENTS--GENERAL INFORMATION
fixed length control field 211129b ||||| |||| 00| 0 eng d
020 ## - INTERNATIONAL STANDARD BOOK NUMBER
International Standard Book Number 9789332534452
100 ## - MAIN ENTRY--PERSONAL NAME
Personal name Besterfield, Dale H.
245 ## - TITLE STATEMENT
Title Total quality management
250 ## - EDITION STATEMENT
Edition statement 4th ed.
260 ## - PUBLICATION, DISTRIBUTION, ETC. (IMPRINT)
Name of publisher, distributor, etc Pearson India Education Services Pvt. Ld.
Place of publication, distribution, etc Noida
Date of publication, distribution, etc 2017
300 ## - PHYSICAL DESCRIPTION
Extent xxv, 495p.
650 #0 - SUBJECT ADDED ENTRY--TOPICAL TERM
Topical term or geographic name as entry element Total quality management
700 ## - ADDED ENTRY--PERSONAL NAME
9 (RLIN) 3036
Personal name Besterfield, D. H.
9 (RLIN) 5159
Personal name Besterfield-Michna, Carol
9 (RLIN) 5160
Personal name Besterfield, Sacre Mary
942 ## - ADDED ENTRY ELEMENTS (KOHA)
Source of classification or shelving scheme
Item type Books
Holdings
Withdrawn status Lost status Source of classification or shelving scheme Damaged status Not for loan Permanent location Current location Date acquired Source of acquisition Cost, normal purchase price Full call number Barcode Date last seen Cost, replacement price Koha item type
          IMU Kolkata IMU Kolkata 2018-04-23 Apex Book Services 587.16 658.4013 B4649 12907 2019-09-09 699.00 Books
          IMU Kolkata IMU Kolkata 2018-04-23 Apex Book Services 587.16 658.4013 B4649 12908 2019-09-09 699.00 Books
          IMU Kolkata IMU Kolkata 2018-04-23 Apex Book Services 587.16 658.4013 B4649 12909 2019-09-09 699.00 Books
          IMU Kolkata IMU Kolkata 2018-04-23 Apex Book Services 587.16 658.4013 B4649 12910 2019-09-09 699.00 Books
Designed and Maintained by IMU-KC Library, Kolkata Campus © Copyright All Rights Reserved

webs counters

Powered by Koha